MARC

LEADER 00000nam0a2200000 4500
001 274560
005 20231101234735.0
020 |a RU  |b 85-78885 
035 |a (RuTPU)RU\TPU\book\297770 
090 |a 274560 
100 |a 20141106d1985 km y0rusy5003 ca 
101 0 |a rus 
102 |a RU 
105 |a y z 000zy 
200 1 |a Конвейер для АЭС  |f Л. С. Кайбышева 
205 |a 2-е изд. 
210 |a Москва  |c Стройиздат  |d 1985 
215 |a 104 с.  |d 20 см 
606 1 |a Атомные электрические станции  |x Постройка  |2 stltpush  |3 (RuTPU)RU\TPU\subj\29757  |9 53023 
610 1 |a поточное строительство 
610 1 |a Запорожье 
610 1 |a Запорожская АЭС 
610 1 |a темп 
610 1 |a организационная структура 
610 1 |a поставки 
610 1 |a производительность 
610 1 |a автоматизация 
675 |a 621.311.25:621.039  |z rus  |v 3 
700 1 |a Кайбышева  |b Л. С.  |g Ленина Семеновна  |4 070 
801 0 |a RU  |b RuMRKP  |c 19950704  |g psbo 
801 1 |a RU  |b 63413507  |c 20141106 
801 2 |a RU  |b 63413507  |c 20160328  |g RCR 
942 |c BK